História em ação (Record no. 142466)
[ view plain ]
| 000 -LÍDER | |
|---|---|
| campo de controle de tamanho fixo | 00582 a2200145 4500 |
| 001 - NÚMERO DE CONTROLE | |
| campo de controle | 142466 |
| 040 ## - FONTE DA CATALOGAÇÃO | |
| Instituição que transcreveu o registro | Leonardo Da Vinci |
| 041 ## - CÓDIGO DE IDIOMA | |
| Código do idioma do texto/trilha sonora ou título diferente | Português |
| 082 ## - CDD - CLASSIFICAÇÃO DECIMAL DE DEWEY | |
| Número de Classificação | v208 |
| 100 ## - ENTRADA PRINCIPAL--NOME PESSOAL | |
| Nome pessoal | COLÉGIO Leonardo da Vinci - Anglo |
| 245 ## - TÍTULO | |
| Título | História em ação |
| 490 ## - TÍTULO DA SÉRIE | |
| Título da série | História em ação; Cultura |
| 697 ## - ENTRADA DE ASSUNTO LOCAL--ENTIDADE COLETIVA (RLIN) | |
| Nome corporativo ou nome da jurisdição | Anglo |
| -- | História |
| -- | Crise dos mísseis |
| -- | Revolução Cubana |
| -- | Independência de Cuba |
| -- | Apartheid |
| -- | Primeira Guerra |
| -- | Iugoslávia |
| -- | O Desdobramento da Revolução Russa |
| -- | Nazismo |
| -- | Fascismo |
| -- | Crise de 1929 (EUA) |
| -- | Plano Quinquenal |
| -- | Nascimento do Nazismo |
| -- | Anti-Semitismo |
| 942 ## - ELEMENTOS DE ENTRADA ADICIONADOS (KOHA) | |
| Tipo de material Koha | Materiais visuais |
| Situação do descarte | Situação das perdas | Situação física | Não pode ser emprestado | Biblioteca de origem | Biblioteca atual | Data de aquisição | Total de empréstimos | Número de chamada completo | Código de barras | Data de último acesso | Data do preço efetivo | Tipo de material Koha |
|---|---|---|---|---|---|---|---|---|---|---|---|---|
| Leonardo Da Vinci - Alphaville 1 | Leonardo Da Vinci - Alphaville 1 | 27/03/2024 | v208 | A0219LVA | 27/03/2024 | 27/03/2024 | Materiais visuais |